Movies covered on This Had Oscar Buzz #1 - Statistics

General Stats
  • This quiz has been taken 16 times
    14 since last reset
  • The average score is 31 of 100
Answer Stats
Hint Answer % Correct
Nancy Meyers rom com with Meryl Streep, Steve Martin, and Alec Baldwin It’s Complicated
88%
Morgan Freeman and Jack Nicholson try to cross off things on this The Bucket List
88%
Rom com with Steve Carrell, Ryan Gosling, and Emma Stone Crazy, Stupid, Love.
75%
Exploits of a male stripper named Mike Magic Mike
75%
Was touted as a female Dead Poets Society, starring Julia Roberts, Kirsten Dunst, and Julia Stiles Mona Lisa Smile
75%
2000 sequel to The Silence of the Lambs Hannibal
63%
Comedy drama that stars Cameron Diaz and Toni Collette as siblings In Her Shoes
63%
An African-American butler works for several U.S. presidents The Butler
63%
John Travolta as Chili Palmer Get Shorty
50%
Musical adaptation of a John Waters film Hairspray
50%
Brad Pitt is Death. Death likes to eat peanut butter Meet Joe Black
50%
Rachel McAdams works at a TV news station Morning Glory
50%
Divisive film by Darren Aronofsky starring Jennifer Lawrence Mother!
50%
Robin Williams in an against-type creepy stalker role One Hour Photo
50%
An expert is asked to help bring the sport of fly fishing to Yemen Salmon Fishing in the Yemen
50%
A man (Will Smith) seeks redemption for a misdeed, which affected the lives of seven people Seven Pounds
50%
Brad Pitt meets the Dalai Lama Seven Years in Tibet
50%
Ricky Gervais joked nobody saw this movie when he hosted the Golden Globes; starred Johnny Depp and Angelina Jolie The Tourist
50%
About a notorious California serial killer who was never caught Zodiac
50%
Colin Farrell as __________ the Great Alexander
38%
2004 remake of a classic Michael Caine film Alfie
38%
A non-period romance film starring Gwyneth Paltrow and Ben Affleck (one word) Bounce
38%
A Martin Scorsese movie starring Nicolas Cage as a paramedic Bringing Out the Dead
38%
Natalie Portman is in a love triangle between Tobey Maguire and Jake Gyllenhaal Brothers
38%
Christina Aguilera x Cher Burlesque
38%
Jennifer Aniston in a de-glammed role about a woman with chronic pain Cake
38%
A biopic of a beloved princess (one word) Diana
38%
A term for the prosecution of a person twice for committing the same offense Double Jeopardy
38%
A reunion of Al Pacino and Michelle Pfeiffer after Scarface, adapted from a play Frankie and Johnny
38%
DiCaprio as a prominent FBI director J. Edgar
38%
A film about the Iraq War starring Robert Redford, Meryl Streep, and Tom Cruise Lions for Lambs
38%
“Romance and Other Pharmaceuticals” Love and Other Drugs
38%
Biopic of a children’s author who wrote the Peter Rabbit books Miss Potter
38%
A term to describe doing small acts of kindness for others Pay It Forward
38%
Adaptation of a popular musical that is based on the opera La bohème Rent
38%
The other racehorse movie that wasn’t Seabiscuit Secretariat
38%
Will Ferrell can hear someone narrating his life Stranger than Fiction
38%
Biopic of a famous American poet and author of The Bell Jar Sylvia
38%
Another name for a baby frog Tadpole
38%
Thriller mystery starring Emily Blunt which came amid the craze for Gone Girl-type films The Girl on the Train
38%
A ghost film starring Nicole Kidman The Others
38%
Steve Carrell is a war vet who copes with his trauma by creating a fictional village Welcome to Marwen
38%
A Western with Matt Damon, directed by Billy Bob Thornton All the Pretty Horses
25%
Family drama starring Robert Redford, Morgan Freeman and Jennifer Lopez An Unfinished Life
25%
Romance set during the Great Depression, starring Colin Farrell and Salma Hayek Ask the Dust
25%
A woman is a candidate for the U.S. Army’s Medal of Honor Courage Under Fire
25%
A dying woman recalls her youth in 1950s Rhode Island Evening
25%
Gus Van Sant’s 2000 film starring Sean Connery Finding Forrester
25%
Tells intersecting stories of several generations of women who are part of the same quilting circle How to Make an American Quilt
25%
Erotic mystery film starring Meg Ryan and Mark Ruffalo In the Cut
25%
Kate Hudson has to help her sister get out of a marriage in France Le Divorce
25%
A Jason Reitman film with an ensemble cast featuring Adam Sandler, Jennifer Garner, Ansel Elgort, and Timothée Chalamet Men, Women & Children
25%
Southern Gothic murder mystery directed by Clint Eastwood Midnight in the Garden of Good and Evil
25%
Black comedy with Renée Zellweger, Morgan Freeman, and Chris Rock Nurse Betty
25%
Hugh Jackman as the pirate Blackbeard and Rooney Mara as Tiger Lily Pan
25%
A Robert Altman film set during Paris Fashion Week Prêt-à-Porter
25%
Mathematician drama starring Anthony Hopkins, Gwyneth Paltrow, and Jake Gyllenhaal Proof
25%
Meryl Streep is a rock musician who returns to her family after decades on the road Ricki and the Flash
25%
Biopic about a woman who overcame difficulties like teen motherhood and being a single mom, starring Drew Barrymore Riding in Cars with Boys
25%
Bradley Cooper and Jennifer Lawrence run a timber business in 1930s North Carolina Serena
25%
Based on a novel by Steve Martin starring him and Claire Danes Shopgirl
25%
Bill Murray as a Vietnam War vet St. Vincent
25%
A George Clooney-directed film about racial tensions in a 1950s Pennsylvania surburb Suburbicon
25%
Sequel to a hit 1983 James L. Brooks tearjerker The Evening Star
25%
Holiday comedy about a woman who feels like a fish out of water among her boyfriend’s family The Family Stone
25%
Southern Gothic where Cate Blanchett can foresee the future The Gift
25%
Jim Carrey is a Hollywood screenwriter suspected of being a Communist The Majestic
25%
Legal drama film by Francis Ford Coppola The Rainmaker
25%
Ben Stiller plays a man with a wild imagination The Secret Life of Walter Mitty
25%
Reese Witherspoon in a period film set in 1800s UK Vanity Fair
25%
An adaptation of a beloved children’s book about a kid’s imagination Where the Wild Things Are
25%
John Travolta and Scarlett Johansson play alcoholics A Love Song for Bobby Long
13%
Natalie Portman and Susan Sarandon as a mother-and-daughter pair Anywhere But Here
13%
Drama film set during a U.S. president’s assassination with a deep ensemble cast; directed by Emilio Estevez Bobby
13%
Beyoncé is Etta James Cadillac Records
13%
WWII romance starring Nicolas Cage and Penélope Cruz Captain Corelli’s Mandolin
13%
Adaptation of a sci-fi novel by the Wachowskis and Tom Tykwer Cloud Atlas
13%
A rom com starring James Gandolfini and Julia Louis-Dreyfus Enough Said
13%
Christian Bale is Moses Exodus: Gods and Kings
13%
Bill Murray as President Franklin Roosevelt Hyde Park on Hudson
13%
Remember the year 2004 when Jude Law was in like 8 movies? This comedy was one of them I Heart Huckabees
13%
Tom Hiddleston is Hank Williams I Saw the Light
13%
Two sisters (Maggie Smith and Judi Dench) like to wear a lot of purple Ladies in Lavender
13%
Jessica Chastain is a Washington, D.C. lobbyist Miss Sloane
13%
A police sergeant and a U.S. representative learn their spouses, who died in a plane crash, were having an affair with each other Random Hearts
13%
Concerns the controversial CIA practice of extraordinary _________ Rendition
13%
Richard Gere is a farmer returning home after the American Civil War. His wife (Jodie Foster) suspects he is not really her husband Sommersby
13%
Maligned film about a historic event in LGBTQ history (one word) Stonewall
13%
Notorious 1990 bomb by Brian De Palma The Bonfire of the Vanities
13%
Family drama adapted from a John Irving story; stars Jeff Bridges and Kim Basinger The Door in the Floor
13%
Benedict Cumberbatch as Julian Assange The Fifth Estate
13%
A college dean must confront a secret he’s hidden about himself for fifty years; based on a Philip Roth novel The Human Stain
13%
Ang Lee film about suburban dysfunction in 1970s Connecticut The Ice Storm
13%
A Western starring Cate Blanchett and Tommy Lee Jones The Missing
13%
Edward Norton is a doctor in China The Painted Veil
13%
A swampy Southern Gothic starring Nicole Kidman and Zac Efron The Paperboy
13%
Drama about a family grieving the loss of matriarch named Gillian To Gillian on Her 37th Birthday
13%
Journalism drama about Dan Rather and Mary Mapes Truth
13%
Amsterdam-set drama about an artist who loves to paint a certain type of flower Tulip Fever
13%
Ridley Scott’s film about Christopher Columbus 1492: Conquest of Paradise
0%
No matching quizzes found
Score Distribution
Percent of People with Each Score
Percentile by Number Answered
Your Score History
You have not taken this quiz since the last reset